El repte del paisatge en àmbits metropolitans
MARC
| LEADER | 00000nam a2200000Ia 4500 | ||
|---|---|---|---|
| 001 | 24160 | ||
| 008 | 160829s2008 xx 000 0 cat d | ||
| 020 | |a 9788488068910 | ||
| 080 | |a Bib-159 | ||
| 245 | |a El repte del paisatge en àmbits metropolitans | ||
| 260 | |a Barcelona : |b Institut d'Estudis Regionals i Metropolitans de Barcelona, |c 2008 | ||
| 300 | |a 114 p. : |b il. mapes ; |c 30 cm | ||
| 490 | |a Papers (Institut d'Estudis Regionals i Metropolitans de Barcelona) ; 47 | ||
| 590 | |a A la coberta: Federació de Municipis de Catalunya, Mancomunitat de Municipis de l'Àrea Metropolitana de Barcelona, Ajuntament de Barcelona, Diputació de Barcelona, Xarxa de municipis, Generalitat de Catalunya. | ||
| 590 | |a Text en català, castellà i anglès | ||
| 650 | |a Àrees metropolitanes |9 44257 | ||
| 650 | |a Medi rural |x Barcelona (Regió metropolitana) |9 49684 | ||
| 650 | 0 | |a Urbanisme |x Barcelona (Àrea metropolitana) |9 40125 | |
| 650 | |a Paisatge |x Barcelona (Àrea metropolitana) |9 49686 | ||
| 710 | |a Institut d'Estudis Regionals i Metropolitans de Barcelona |9 17648 | ||
| 710 | 1 | |a Catalunya. |b Generalitat |9 12125 | |
| 710 | 2 | |a Mancomunitat de Municipis de l'Àrea Metropolitana de Barcelona |9 6256 | |
| 710 | 1 | |a Barcelona (Catalunya). |b Ajuntament |9 50981 | |
| 710 | 1 | |a Barcelona (Catalunya : Província). |b Diputació |9 52408 | |
| 710 | |a Federació de Municipis de Catalunya |9 52168 | ||
| 901 | |a Arxiu | ||
| 942 | |n 1 | ||
| 952 | |0 0 |1 0 |4 0 |6 BIB159 |7 1 |9 55532 |a Arxiu |b Arxiu |d 2016-12-01 |l 0 |o Bib-159 |p 24160 |r 2016-12-01 00:00:00 |w 2016-12-01 |y ARXIU | ||
| 999 | |c 59405 |d 59405 | ||